Word Ladder: Percussion Quiz Stats

 Plays Quiz Updated Oct 5, 2016

Challenge
Share
Tweet
Embed
Score 0/21 Timer 02:00
0 Plays Today
Clue 4-Letter Word % Correct
Camping enclosureTENT
94.9%
Relative of a quizTEST
92.8%
Trill a tuneSING
92.5%
A bit of colorTINT
92.1%
TidyNEAT
91.9%
Cherry type or Chandler from 'Friends'BING
91.3%
Avian homeNEST
91%
A common trig functionSINE
90.8%
Tooth of a forkTINE
90.7%
A spoiled childBRAT
90.2%
Dozens of inchesFEET
89.1%
Clue 4-Letter Word % Correct
What you can do to a [Final Rung]BEAT
87.9%
Bongo or snare, e.g.DRUM
87.9%
BoastBRAG
87.6%
A pharmaceuticalDRUG
87%
Pull along behindDRAG
87%
College party holderFRAT
86.9%
Part of a guitarFRET
84.5%
A large celebrationFEST
76.7%
Defeat in a battleBEST
76.7%
What you can do to a [Final Rung]BANG
71.1%

Today's Daily Dose

You're not logged in!

Compare scores with friends on all Sporcle quizzes.
Join for Free
OR
Log In

You Might Also Like...

Show Comments

Extras

Top Quizzes Today


Score Distribution

Your Account Isn't Verified!

In order to create a playlist on Sporcle, you need to verify the email address you used during registration. Go to your Sporcle Settings to finish the process.

Report this User

Report this user for behavior that violates our Community Guidelines.

Details: